[Event "Muensterland Verbandsliga playoff 1-4"]
[Site "Germany"]
[Date "2023.03.25"]
[Round "1.4"]
[White "Fehlings, Gerd"]
[Black "Limberg, Thomas"]
[Result "0-1"]
[WhiteElo "1742"]
[BlackElo "1790"]
[PlyCount "64"]
[EventDate "2022.03.25"]
[EventType "team-k.o."]
[EventRounds "2"]
[EventCountry "GER"]
[SourceTitle "EXT 2024"]
[Source "ChessBase"]
[SourceDate "2023.10.10"]
[SourceVersion "1"]
[SourceVersionDate "2023.10.10"]
[SourceQuality "1"]
[WhiteTeam "Emsdetten Rochade II"]
[BlackTeam "Olfen"]
[WhiteTeamCountry "GER"]
[BlackTeamCountry "GER"]

1. d4 Nf6 2. Nf3 e6 3. g3 b6 4. Bg2 Bb7 5. 0-0 Be7 6. c4 d6 7. Nc3 0-0 8. Qc2 Nbd7 9. Rd1 c5 10. e4 Qc7 11. e5 dxe5 12. dxe5 Nxe5 13. Nxe5 Bxg2 14. f4 Bh3 15. b3 Rfd8 16. Bb2 Rxd1+ 17. Rxd1 Rd8 18. Qe2 Bf5 19. Rxd8+ Bxd8 20. Qd2 Ne4 21. Qg2 Nxc3 22. Bxc3 f6 23. Nc6 Qd7 24. h3 Qd3 25. Nxd8 Qxd8 26. g4 Qd1+ 27. Kh2 Bd3 28. Kg3 Qe2 29. Qa8+ Kf7 30. Qxa7+ Kg6 31. Qd7 Qe3+ 32. Kh2 Qf2+ 0-1

[Event "Muensterland Verbandsliga playoff"]
[Site "Germany"]
[Date "2022.04.30"]
[Round "2.5"]
[White "Limberg, Thomas"]
[Black "Scharlow, Siegmar"]
[Result "1-0"]
[WhiteElo "1762"]
[BlackElo "1702"]
[PlyCount "45"]
[EventDate "2022.03.19"]
[EventType "team-tourn"]
[EventRounds "3"]
[EventCountry "GER"]
[SourceTitle "EXT 2023"]
[Source "ChessBase"]
[SourceDate "2022.10.05"]
[SourceVersion "1"]
[SourceVersionDate "2022.10.05"]
[SourceQuality "1"]
[WhiteTeam "Olfen"]
[BlackTeam "Nienberge II"]
[WhiteTeamCountry "GER"]
[BlackTeamCountry "GER"]

1. d4 d5 2. c4 Nc6 3. Nf3 Bg4 4. e3 e5 5. cxd5 Qxd5 6. Be2 Bb4+ 7. Nc3 exd4 8. exd4 Nge7 9. 0-0 Qa5 10. Ne4 Rd8 11. Be3 f5 12. Neg5 h6 13. Ne6 Rd6 14. Qb3 Kd7 15. Nc5+ Kc8 16. Nxb7 Kxb7 17. a3 Qb6 18. axb4 Qxb4 19. Qa2 g5 20. d5 Rxd5 21. Qa6+ Kb8 22. Bxa7+ Ka8 23. Bc5+ 1-0

[Event "Muensterland Verbandsliga 1920"]
[Site "Germany"]
[Date "2019.11.30"]
[Round "4.7"]
[White "Robers, Frank"]
[Black "Limberg, Thomas"]
[Result "0-1"]
[WhiteElo "1644"]
[BlackElo "1700"]
[PlyCount "83"]
[EventDate "2019.09.07"]
[EventType "team-tourn"]
[EventRounds "7"]
[EventCountry "GER"]
[SourceTitle "EXT 2023"]
[Source "ChessBase"]
[SourceDate "2022.10.05"]
[SourceVersion "1"]
[SourceVersionDate "2022.10.05"]
[SourceQuality "1"]
[WhiteTeam "Gescher"]
[BlackTeam "Olfen"]
[WhiteTeamCountry "GER"]
[BlackTeamCountry "GER"]

1. e4 e6 2. Qe2 e5 3. Nf3 Nc6 4. g3 Nf6 5. d3 d6 6. Bg2 Be7 7. 0-0 Bg4 8. c3 Qd7 9. Nbd2 h5 10. Nc4 h4 11. Bg5 hxg3 12. fxg3 Nh7 13. Bxe7 Nxe7 14. Qe3 Bh3 15. Rf2 Bxg2 16. Rxg2 Nf6 17. d4 Ng4 18. Qd3 f6 19. a4 a5 20. b3 b6 21. Rd1 Nc6 22. Rgd2 0-0-0 23. d5 Ne7 24. Ra1 f5 25. Ng5 Rh5 26. Ne6 Rdh8 27. Raa2 f4 28. gxf4 exf4 29. Nxf4 Nxh2 30. Nxh5 Qg4+ 31. Rg2 Nf3+ 32. Kf2 Qxg2+ 33. Kxg2 Ne1+ 34. Kg3 Nxd3 35. Rd2 Nc5 36. Kg4 Nxe4 37. Re2 Rxh5 38. Rxe4 Nxd5 39. Re8+ Kd7 40. Rf8 Rh7 41. Kf5 Ne7+ 42. Kf4 0-1

[Event "GER-ch U25-B"]
[Site "Willingen"]
[Date "2018.05.25"]
[Round "8"]
[White "Kolb, Tobias"]
[Black "Limberg, Thomas"]
[Result "1/2-1/2"]
[WhiteElo "1764"]
[BlackElo "1663"]
[PlyCount "94"]
[EventDate "2018.05.19"]
[EventType "swiss"]
[EventRounds "9"]
[EventCountry "GER"]
[SourceTitle "CBM 184 Extra"]
[Source "ChessBase"]
[SourceDate "2018.06.28"]
[SourceVersion "1"]
[SourceVersionDate "2018.06.28"]
[SourceQuality "1"]

1. e4 Nf6 2. Nc3 d5 3. e5 d4 4. exf6 dxc3 5. fxg7 cxd2+ 6. Qxd2 Qxd2+ 7. Bxd2 Bxg7 8. 0-0-0 0-0 9. Nf3 Bg4 10. Bd3 Nc6 11. Rde1 e6 12. Ng5 h6 13. h3 Bf5 14. Bxf5 exf5 15. Nf3 Rfe8 16. c3 Re4 17. g3 Rae8 18. Bf4 Rxe1+ 19. Rxe1 Rxe1+ 20. Nxe1 Ne5 21. Bxe5 Bxe5 22. f4 Bd6 23. Nf3 Kg7 24. Nd4 Kg6 25. Nb5 Bc5 26. Nxc7 Bf2 27. Nd5 Bxg3 28. Kd2 Kh5 29. Ke3 Kh4 30. Ne7 Kxh3 31. Nxf5 h5 32. Kf3 h4 33. Nh6 Kh2 34. Nxf7 h3 35. Ng5 Bh4 36. Kg4 Bxg5 37. fxg5 Kg2 38. g6 h2 39. g7 h1Q 40. g8Q Qh3+ 41. Kf4+ Kf2 42. Qd5 Qe3+ 43. Kf5 Qh3+ 44. Ke5 Qe3+ 45. Qe4 Qc5+ 46. Qd5 Qe3+ 47. Kf6 Qb6+ 1/2-1/2

[Event "Muensterland Regionalliga 1617"]
[Site "Germany"]
[Date "2016.09.17"]
[Round "1.8"]
[White "Miethe, Christoph"]
[Black "Limberg, Thomas"]
[Result "1-0"]
[WhiteElo "1695"]
[BlackElo "1621"]
[PlyCount "93"]
[EventDate "2016.09.17"]
[EventType "team"]
[EventRounds "9"]
[EventCountry "GER"]
[SourceTitle "EXT 2018"]
[Source "ChessBase"]
[SourceDate "2017.10.13"]
[SourceVersion "1"]
[SourceVersionDate "2017.10.13"]
[SourceQuality "1"]
[WhiteTeam "Rheine Klein Berlin"]
[BlackTeam "Olfen"]
[WhiteTeamCountry "GER"]
[BlackTeamCountry "GER"]

1. e4 Nf6 2. e5 Nd5 3. d4 d6 4. c4 Nb6 5. f4 dxe5 6. fxe5 c5 7. d5 e6 8. Nc3 exd5 9. cxd5 c4 10. Nf3 Bg4 11. Bxc4 Nxc4 12. Qa4+ Nd7 13. Qxc4 Bxf3 14. gxf3 Nxe5 15. Qa4+ Qd7 16. Qxd7+ Kxd7 17. Kf2 Bc5+ 18. Kg2 Rhe8 19. Ne4 Bb6 20. Bd2 h6 21. Rac1 Rac8 22. Rxc8 Rxc8 23. Bc3 f6 24. Rd1 Nc4 25. Kh3 Nd6 26. a4 Nxe4 27. fxe4 Re8 28. a5 Bc7 29. Re1 b6 30. axb6 axb6 31. Re2 Ke7 32. Kg4 Kf7 33. Kf3 Bd6 34. h3 h5 35. Bd4 b5 36. h4 Kg6 37. b3 Kf7 38. Rc2 Ke7 39. Ra2 Rd8 40. Ra5 b4 41. Bc5 g5 42. Bxd6+ Kxd6 43. Ra6+ Ke5 44. Ke3 Rd6 45. Ra8 f5 46. Re8+ Kf6 47. e5+ 1-0